000 00367nam a2200133 i 4500
001 49223
003 ES-MaACL
007 t|
008 030711q1882 sp ||||1| spa d
100 1 _aCortázar y Larrubia, Daniel de.
_940829
245 1 3 _aEl pozo artesiano de Vitoria /
_cDaniel de Cortázar.
260 _aMadrid :
_b[s.n.,
_c1882?]
852 _aES-MaACL
_jT-515-F-7
999 _c49223
_d49223